| 000 | 00346nam a2200145Ia 4500 | ||
|---|---|---|---|
| 008 | 230917s9999||||xx |||||||||||||| ||und|| | ||
| 040 |
_e149238 _aMAIN |
||
| 041 | _aEnglish | ||
| 082 | _a658 R18M | ||
| 100 | _aRao, V.S.P. | ||
| 245 | 0 | _aManagement text and cases | |
| 260 |
_aNew Delhi _bExcel Books _c2002 |
||
| 300 | _a966p p. | ||
| 942 | _cBK | ||
| 999 |
_c152636 _d152636 |
||